00710cam a22002293a 45000010005000000030006000050050017000110080041000280400015000690420007000840500007000911000034000982450095001322600029002275060030002565160020002866530041003066530036003477000028003838300028004118560041004396367PGUSA20140828083131.0040801s2004||||xxu|||||s|||||000 | eng d aPGUSAbeng adc 4aBX1 aChalippe, Candide,d1684-175714aThe Life and Legends of Saint Francis of Assisih[electronic resource] /cCandide Chalippe bProject Gutenberg,c2004 aPublic domain in the USA. aElectronic text aFrancis, of Assisi, Saint, 1182-1226 aMiracles -- Early works to 18001 aDuerk, Hilarion,d1883- 0aProject Gutenbergv636740uhttp://www.gutenberg.org/ebooks/6367